00976nam a2200253 a 450000100100000000500170001000800410002704000250006808200250009310000400011824501060015825000110026426000620027530000210033749000530035850000330041165000240044465000280046883000640049691000070056004900090056795201290057699900170070500002013420200929170301.0100722s1946 ag 001 f spa d aDO-SdBNPbspacBNPHU aCu863.42bI59s, 19461 aInsúa, Alberto,d1883-196394185613aLa sombra de Peter Wald :bsegunda parte de "El negro que tenía el alma blanca" /cAlberto Insúa. a2a ed. aBuenos Aires, Argentina :bEspasa-Calpe Argentina,c1946. a233 p. ;c18 cm.1 aAustral. Azul: novelas y cuentos en generalv328 aIncluye índice de autores. 4aNovela cubana92316 4aLiteratura cubana91483 0aAustral.pAzul : novelas y cuentos en general ;v328922386 aWM aBNGR 001054708MOaGRbGRcHDd2010-07-22iLF1l0oCu863.42 I59s, 1946p20134-10r2020-06-25w2020-06-25y4ZPréstamo en sala c19642d19642